Регионална библиотека "Любен Каравелов" - Русе

Българската авиация през Студената война (Запис номер 128167)

MARC детайли
000 -Лидер
Контролно поле с фиксирана дължина 01474nam a2200373 c 4500
003 - Код на организацията, давaща контролен номер
Контролно поле BLK
005 - Дата и час на последна редакция
Контролно поле 20180420232130.0
008 - Елементи от данни с фиксирана дължина
fixed length control field 180409b bul|||||r ||||||| ||bul||
010 ## - Наследен системен номер
LC control number KNG00133886000
020 ## - Международен стандартен номер на книга ISBN
Международен стандартен номер на книга ISBN 978-954-509-448-4
-- издат.: Воен. изд.
040 ## - Източник на каталожния запис
Идентификатор на билиотеката - собственик на записа BLK
041 ## - Код за език
Код за езика на текст/звукозапис или на отделно заглавие Български
Код за езика КДБФ Български
072 #7 - Код за тематичната категория
Код организация bullib
Код за тематична категория Н62
Текст Приложни науки. Техника Н
080 ## - УДК
Текстов определител УДК Авиация и космонавтика. Летателни апарати. Ракетна техника. Космическа техника. Космическа техника
УДК код - определител по УДК 629.7
УДК определител (497.2)(091)
УДК - код + определител 629.7(497.2)(091)
100 1# - Редна дума - Автор
Автор Недялков, Димитър Илиев
Авторска отговорност първи автор
R(LIN) 292042
139 ## - Редно поле
Редна дума Недялков, Димитър Илиев
Авторски знак Недя - Н 46
245 10 - Сведения за заглавието
Заглавие Българската авиация през Студената война
Редно поле (дума) Димитър Илиев Недялков.
257 ## - Страна на издаване
Страна на създаване/издаване България
260 ## - Област на издателските данни
-- София
Име на издателя, разпространителя и проч. Воен. изд.
Година на издаване 2011
300 ## - Физическа характеристика
Страници 344 с.
Илюстрации и др. с ил.
Размери/Мащаб 24 см
380 ## - Жанр
Жанр Обществени науки
650 #4 - Допълнително описание по предмет – тема
Основно описание – тема или топоним Авиация - България - история
9 (RLIN) 253379
651 #4 - Допълнително описание по предмет - топоним
Географско понятие България
9 (RLIN) 241624
653 ## - Ключова дума – ненормативна
Ключова дума авиация
653 ## - Ключова дума – ненормативна
Ключова дума военна авиация
653 ## - Ключова дума – ненормативна
Ключова дума военни самолети
653 ## - Ключова дума – ненормативна
Ключова дума история
659 ## - Тематичен бюлетин
Тематичен бюлетин Н
852 ## - Местоположение
Форматна сигнатура Цб 256299
856 4# - Електронен адрес и достъп
Електронен формат pdf - файл
Път до файла /url/
856 4# - Електронен адрес и достъп
Електронен формат pdf - файл
Път до файла /url/
942 ## - АРТИКУЛИ
Вид на библиотечния материал Книги
Скрит в OPAC Не
944 ## - СЪЗДАВАНЕ И РЕДАКЦИЯ на ЗАПИСА
Създаване/Редакция Създаване
Дата на регистрацията/редакция 20.09.2012
Служител, извършил регистрацията/редакцията Геновева_Генчева
944 ## - СЪЗДАВАНЕ И РЕДАКЦИЯ на ЗАПИСА
Създаване/Редакция Редакция
Дата на регистрацията/редакция 14.03.2013
Служител, извършил регистрацията/редакцията
999 ## - СИСТЕМНИ КОНТРОЛНИ НОМЕРА
Koha biblionumber 128167
Koha biblioitemnumber 128167
Наличности
Код за отписване Код за изгубен артикул Код за повреда Коз за рестрикции Код за отдаване Артикулен № Име на библиотеката - собственик Име на библиотеката, в която се намира в момента Статус (Текущо местоположение) Дата на вписване в системата Местоположение - отдел Цена в лева Инвентарен номер Систематично азбучна сигнатура Баркод Номер на екземпляра Цена в евро Служебна бележка Служебен тип на артикула
  Не е изгубен Не е повреден без рестрикции ползва се в читалня 208345 Регионална библиотека "Любен Каравелов" Русе Регионална библиотека "Любен Каравелов" Русе Хранилище 2012-09-21 Хранилище 15.00 120000759847 Цб 256299 120000759847 1 7.67 Дост: Dp Вид: Д N: 30 Дата: 25.07.2011 Книги
Vip Innovations Ltd, Rousse, Bulgaria 2025